Pintura polaca contemporánea : (Record no. 174481)

MARC details
000 -LEADER
campo de control de longitud fija 01262nam a2200265 4500
001 - NÚMERO DE CONTROL
campo de control 174481
003 - IDENTIFICADOR DE NÚMERO DE CONTROL
campo de control ES-MaACL
005 - FECHA Y HORA DE LA ÚLTIMA TRANSACCIÓN
campo de control 20230906215537.0
008 - DATOS DE LONGITUD FIJA--INFORMACIÓN GENERAL
campo de control de longitud fija 100428s1977 sp a |||| |dspa d
080 ## - NÚMERO DE LA CLASIFICACIÓN DECIMAL UNIVERSAL
Número de la Clasificación Decimal Universal 75(438)"19"(064.3)
245 00 - MENCIÓN DEL TÍTULO
Título Pintura polaca contemporánea :
Resto del título [exposición] Salas del Museo Histórico Municipal, Valencia, abril, 1977 /
Mención de responsabilidad, etc. redacción del catálogo, María Matusinska.
260 ## - PUBLICACIÓN, DISTRIBUCIÓN, ETC.
Lugar de publicación, distribución, etc. Madrid :
Nombre del editor, distribuidor, etc. Dirección General del Patrimonio Artístico y Cultural :
-- Comisaría Nacional de Museos y Extensión Cultural,
Fecha de publicación, distribución, etc. 1977.
300 ## - DESCRIPCIÓN FÍSICA
Extensión 110 p. :
Otras características físicas il. col. y n. ;
Dimensiones 25 cm.
490 1# - MENCIÓN DE SERIE
Mención de serie Publicación del Patronato Nacional de Museos
505 8# - NOTA DE CONTENIDO CON FORMATO
Nota de contenido con formato Incluye catálogo de publicaciones de la Dirección General del Patrimonio Artístico y Cultural (Patrimonio Nacional de Museos)
650 #4 - PUNTO DE ACCESO ADICIONAL DE MATERIA--TÉRMINO DE MATERIA
Término de materia o nombre geográfico como elemento de entrada Pintura polaca-
Subdivisión de forma Exposiciones.
9 (RLIN) 142615
655 #7 - TERMINO DE INDIZACIÓN--GENERO/FORMA
Fuente del término tgfbne
9 (RLIN) 193628
Datos o término principal de género/forma Catálogos de exposiciones
700 1# - ENTRADA AGREGADA--NOMBRE PERSONAL
Nombre de persona Matusinska, María.
9 (RLIN) 142616
710 1# - ENTRADA AGREGADA--NOMBRE DE ENTIDAD CORPORATIVA
Nombre de entidad corporativa o nombre de jurisdicción como elemento de entrada España.
Unidad subordinada Comisaría Nacional de Museos y Extensión Cultural.
9 (RLIN) 142617
710 2# - ENTRADA AGREGADA--NOMBRE DE ENTIDAD CORPORATIVA
Nombre de entidad corporativa o nombre de jurisdicción como elemento de entrada Patronato Nacional de Museos (España)
9 (RLIN) 6192
830 1# - PUNTO DE ACCESO ADICIONAL DE SERIE-TÍTULO UNIFORME
Título uniforme Publicación del Patronato Nacional de Museos
9 (RLIN) 189429
852 4# - LOCALIZACIÓN
Ubicación ES-MaACL
Número de control de estantería C-57178
942 ## - ELEMENTOS DE ENTRADA SECUNDARIOS (KOHA)
Fuente del sistema de clasificación o colocación Clasificación decimal universal
Holdings
Estatus retirado Estado de pérdida Estado de daño No para préstamo Biblioteca de origen Biblioteca actual Ubicación en estantería Fecha de adquisición Fuente de adquisición Total de préstamos Signatura topográfica completa Código de barras Visto por última vez Precio de reemplazo Tipo de ítem Koha
        Biblioteca del Ateneo de Madrid Biblioteca del Ateneo de Madrid Depósito 2 28/04/2010     C-57178 1183164 23/02/2023 23/02/2023 Libro impreso